000 00623nam a2200241 i 4500
001 C2-0285967
003 PPAK
005 20180728015524.0
008 080115s2002 enk |||| ||||| | eng d
020 _a9780141021157
040 _aPPAK
_beng
_cPPAK
_erda
082 0 4 _a823
_223
090 0 0 _a823
_bKRA
_dLCK
100 1 _aKrauss, Nicole,
_eauthor
245 1 0 _aMan walks into a room
264 1 _aLondon :
_bPenguin Books ,
_c2002
300 _a248 pages ;
_c20 cm
336 _2rdacontent
_atext
337 _2rdamedia
_aunmediated
338 _2rdacarrier
_avolume
650 1 0 _aEnglish fiction.
942 _ddc
_cB
999 _c91774
_d91774